000 01766nam0a22002891 4500
001 v19\rc\1426793
005 20260405093424.0
035 _a(NLR Aleph) 005212862
090 _a5426759
_c5426759
100 _a20060620d1852 |||y0rusy50 ca
101 1 _arus
_cfre
102 _aRU
105 _ay z |||||
200 1 _aГигиена лица и кожи, или Косметические средства для сохранения свежести лица, белизны, чистоты и прозрачности кожи; лучшие лекарства против лишаев, родимых пятен, веснушек, угрей и проч.
_eВерные и действительные способы исправить недостатки, несовершенства и уродливости лица
_f[Соч.] А. Дебэя
_gПер. с фр. [и предисл. Крутикова]
210 _aСанкт-Петербург
_cтип. А. Дмитриева
_d1852
215 _a216 с. разд. паг.
_d18
300 _aПредисл. переводчика
517 0 _aКосметические средства для сохранения свежести лица, белизны, чистоты и прозрачности кожи; лучшие лекарства против лишаев, родимых пятен, веснушек, угрей и проч.
700 1 _8rus
_7ca
_aДебе
_bО.
_f1802-1890
_gОгюст
_3RU\NLR\AUTH\7734353
_917357
702 1 _aКрутиков
_4730
_4080
801 0 _aRU
_bNLR
_c20060620
_gpsbo
801 0 _aRU
_bRuMoRGB
_c20060620
_2psbo
801 1 _aRU
_bProSoft-M
_c20060620
_2rusmarc
801 2 _aRU
_bNLR
_c20070423
_2rusmarc
852 _aNLR
_j18.6.7.38
942 _cBOOK
980 _aNB